000 00192nam a2200085Ia 4500
008 120527s9999 xx 000 0 und d
100 _aMorris & Maisto
245 _aBasic Psychology
942 _cBK
999 _c27438
_d27438